01703cam a2200253 a 4500020001800000020001500018040001000033082002600043100002400069245009300093260007600186300002600262490005100288520087200339650001101211650001401222650002001236650002001256650002001276650001701296700002301313710006101336856005201397 a9789251064214 a9251064210 cNLGGC a639 FOO 2009 A056 Or.1 aTacon, Albert G. J.10aFeed ingredients and fertilizers for farmed aquatic animals :bsources and composition / aRome :bFood and Agriculture Organization of the United Nations,c2009. aix, 209 p. ;c30 cm.1 aFAO fisheries and aquaculture technical paper, aPresents an overview of the major feed ingredient sources and feed additives commonly used within industrially compounded aquafeeds, including feed ingredient sources commonly used within farm-made aquafeeds, and major fertilizers and manures used in aquaculture for live food production. Information is provided concerning the proximate and essential amino acid composition of common feed ingredient sources, as well as recommended quality criteria and relative nutritional merits and limitations, together with a bibliography of published feeding studies for major feed ingredient sources by cultured species. Major feed ingredient and fertilizer groupings discussed include: animal protein sources, plant protein sources, single cell protein sources, lipid sources, other plant ingredients, feed additives, and fertilizers and manures.--Publisher's description. 0aFishes 0aCrustacea 0aHatchery fishes 0aHatchery fishes 0aHatchery fishes 0aAquaculture.1 aHasan, Mohammad R.2 aFood and Agriculture Organization of the United Nations.41uhttp://www.fao.org/docrep/012/i1142e/i1142e.pdf